000 00695nam a2200193Ia 4500
008 151121s9999||||xx |||||||||||||| ||und||
082 _a920/भट
082 _bHNW-112769
100 _aभट विठ्ठलराय
245 _aनेताजी सुभाषचंद्र बोस
260 _b"मनोविकास प्रकाशन, मुंबई।"
260 _c2012
300 _a108
600 _aभट विठ्ठलराय
630 _aनेताजी सुभाषचंद्र बोस
700 _aभट विठ्ठलराय
730 _aनेताजी सुभाषचंद्र बोस
942 _cBOOK
999 _c1262043
_d1262040